| 000 | 00556nam a2200193 4500 | ||
|---|---|---|---|
| 003 | OSt | ||
| 005 | 20240718012710.0 | ||
| 006 | a | ||
| 008 | 240718b |||||||| |||| 00| 0 eng d | ||
| 020 | _a9718984062 | ||
| 040 |
_aDWCL-Main lib. _cOC |
||
| 082 | _aFil. 080 Al454 1998 | ||
| 245 | _aAlong lifes journey....: 100 words of hope from Earnest L. Tan / | ||
| 260 |
_aQuezon City: _bSpiritus Works Pub., _cc1998. |
||
| 300 |
_avii, _b75 p. : ill. _c19 cm. |
||
| 650 | _a1. Quotations. | ||
| 700 | _aDebbie Anne L. Tan | ||
| 942 |
_2ddc _n0 _cBK - FIL _kFil. |
||
| 999 |
_c2339 _d2339 |
||